Pokémon - Attacken von Grypheldis in KA/PU - Statistiken

Allgemein
  • Dieses Quiz wurde 2 mal gespielt
  • Das Durchschnittsergebnis liegt bei 38 aus 56
Antwortstatistiken
Antwort % Korrekt
Abschlag
100%
Aero-Ass
100%
Auflockern
100%
Ausdauer
100%
Bodycheck
100%
Delegator
100%
Fassade
100%
Felsgrab
100%
Finsteraura
100%
Fliegen
100%
Grimasse
100%
Hyperstrahl
100%
Kehrtwende
100%
Luftschnitt
100%
Orkan
100%
Raub
100%
Regentanz
100%
Risikotackle
100%
Rückenwind
100%
Sandsturm
100%
Schmarotzer
100%
Schutzschild
100%
Sonnentag
100%
Spukball
100%
Toxin
100%
Windschnitt
100%
Windstoß
100%
Akrobatik
50%
Daunenreigen
50%
Doppelflügel
50%
Erholung
50%
Frustventil
50%
Gigastoß
50%
Groll
50%
Himmelsfeger
50%
Hitzewelle
50%
Neck Strike
50%
Pflücker
50%
Ruheort
50%
Schmeichler
50%
Silberblick
50%
Standpauke
50%
Sternschauer
50%
Sturzflug
50%
Tera-Ausbruch
50%
Trugträne
50%
Verhöhner
50%
Wirbelwind
50%
Anziehung
0%
Aufruhr
0%
Eisenabwehr
0%
Horrorblick
0%
Knochenhatz
0%
Psycho-Plus
0%
Ränkeschmied
0%
Schlafrede
0%
Keine übereinstimmenden Quizze gefunden
Verteilung der Resultate
Anzahl Personen mit jedem Resultat
Perzentil nach korrekt beantworteten Fragen
Ihre Resultats-Entwicklung
Sie haben dieses Quiz noch nicht gespielt